| 000 | 00614nam a22001937a 4500 | ||
|---|---|---|---|
| 999 |
_c13902 _d13902 |
||
| 003 | OSt | ||
| 005 | 20190509104115.0 | ||
| 008 | 190509b ||||| |||| 00| 0 eng d | ||
| 040 | _cUMDC | ||
| 082 |
_22019 _aUT 1301 _bO45 |
||
| 100 |
_aOlegario, Leanah Mae S. _938713 |
||
| 245 |
_aUnderstanding the psychology of parricide/ _cLeanah Mae S. Olegaryo and Gina S. Prestoza |
||
| 260 |
_aDigos City/ _bUMDC _cApril 2019 |
||
| 300 |
_a189 pages. _c30 cm. |
||
| 650 |
_aBS _vPsychology _xUndergraduate thesis. _938293 |
||
| 700 |
_aOlegaryo, Leanah Mae S. _938714 |
||
| 700 |
_aPrestoza, Gina S. _938715 |
||
| 942 |
_2ddc _cUT |
||